STN EN 12451: 2012 (42 1525) Meď a zliatiny medi. Bezšvové okrúhle rúry na výmenníky tepla
Táto norma je slovenskou verziou európskej normy EN 12451: 2012. Preklad zabezpečil Slovenský ústav technickej normalizácie. Má rovnaké postavenie ako majú oficiálne verzie
| Format: | Book |
|---|---|
| Language: | Slovak English |
| Published: |
Bratislava
Slovenský ústav technickej normalizácie
2012
|
| Subjects: |
MARC
| LEADER | 00000nam a2200000 a 4500 | ||
|---|---|---|---|
| 001 | vtls010466161 | ||
| 003 | SK-MaSNL | ||
| 005 | 20260301033449.0 | ||
| 008 | 130117s xo ka f u 000 0 slo | ||
| 015 | |a SNBN2013 | ||
| 020 | |c (cen. skup. 4) | ||
| 040 | |a SNK |b slo |c SNK |e AACR2 | ||
| 041 | 1 | |a slo |h eng | |
| 044 | |a xo |c SK | ||
| 046 | |a s |m 201211 (účin. ) | ||
| 072 | 7 | |a 669 |x Metalurgia |2 konspekt | |
| 080 | |a 669.35 |2 2001 | ||
| 080 | |a 006.7/.8 |2 2001 | ||
| 080 | |a (437.6) 2 2001 |2 1981 | ||
| 080 | |a (4) |2 2001 | ||
| 084 | |a 23.040.15 |2 ICS | ||
| 084 | |a 77.150.30 |2 ICS | ||
| 130 | 0 | |a STN 42 1525 (STN EN 12451) |9 332598 | |
| 245 | 1 | 0 | |a STN EN 12451: 2012 (42 1525) Meď a zliatiny medi. Bezšvové okrúhle rúry na výmenníky tepla |
| 246 | 1 | 0 | |a Meď a zliatiny medi |
| 246 | 1 | 0 | |a Bezšvové okrúhle rúry na výmenníky tepla |
| 246 | 3 | 0 | |a EN 12451: 2012 E |
| 260 | |a Bratislava |b Slovenský ústav technickej normalizácie |c 2012 | ||
| 300 | |a 24 s. |b obr. ,tab. |c 30 cm | ||
| 500 | |a Súbežný názov v angličtine, francúzštine, nemčine | ||
| 500 | |a Táto norma nahrádza STN EN 12451 z decembra 2002 v celom rozsahu | ||
| 500 | |a Spracovateľ SÚTN Bratislava | ||
| 504 | |a Citované normy, súvisiace právne predpisy s. 2 ; literatúra s. 21 | ||
| 520 | 8 | |a Táto norma je slovenskou verziou európskej normy EN 12451: 2012. Preklad zabezpečil Slovenský ústav technickej normalizácie. Má rovnaké postavenie ako majú oficiálne verzie | |
| 540 | |a STN vydané na akomkoľvek nosiči sa môžu rozmnožovať a rozširovať iba so súhlasom určenej právnickej osoby |b SÚTN Bratislava |c zákon 264/1999 Z. z. | ||
| 650 | 0 | 7 | |a metalurgia |2 SNKPH |9 941 |
| 650 | 0 | 7 | |a technické normy a štandardy |z Slovensko |2 SNKPH |9 79594 |
| 650 | 0 | 7 | |a technické normy a štandardy |z krajiny Európskej únie |2 SNKPH |9 289341 |
| 650 | 0 | 7 | |a zliatiny medi |2 SNKPH |9 132842 |
| 650 | 0 | 7 | |a Copper alloys |2 SNKPHeng |9 312410 |
| 655 | 7 | |a normy |2 SNKPH |9 70643 | |
| 710 | 2 | |a Slovenský ústav technickej normalizácie (Bratislava, Slovensko). |b Technická normalizačná komisia č. 45 Oceľ, hliník a neželezné kovy |4 stn |9 312414 | |
| 774 | 1 | 8 | |t STN EN 12451: 2002 |d Bratislava: Slovenský ústav technickej normalizácie, 2002 |w vtls009895659 |
| 852 | |a Štátna vedecká knižnica v Banskej Bystrici | ||
| 958 | |a OP | ||
| 958 | |a NB | ||
| 999 | |c 580121 |d 582051 | ||
| 952 | |a SNK |b SNK |y PREZ |7 0 |p 17A1057045 |o snkSTN EN 12451 |i snk2012/23749 |8 0 |0 0 |1 0 |4 0 |d 2012-11-20 |l 0 |r 2026-02-23 14:47:53 |w 2026-02-23 | ||
| 952 | |a SNK |b SNK |y PREZ |7 0 |p 17A1057044 |o snkSTN EN 12451 D1 |i snk2012/23750 |8 0 |0 0 |1 0 |4 0 |d 2012-11-20 |l 0 |r 2026-02-23 14:47:53 |w 2026-02-23 | ||


